| 000 | 00434nam a2200169 a 4500 | ||
|---|---|---|---|
| 005 | 20140310183322.0 | ||
| 008 | 060302s19uu xx 00 eng d | ||
| 020 | _a0345314867 | ||
| 050 |
_aPS 3570 _b.T812 1984 |
||
| 100 | _aTrevanian | ||
| 245 |
_aThe summer of Katya / _cTrevanian. |
||
| 260 |
_aNew York : _bBallantine Books, _c1984. |
||
| 300 |
_a280 p. : _c18 cm. |
||
| 650 | _aFiction | ||
| 942 |
_cBK _2lcc |
||
| 999 |
_c21423 _d21423 |
||